Kaart van Frankrijk Quiz - Statistieken

Algemene statistieken
  • Deze quiz is 3.378 keer genomen
  • De gemiddelde score is 7 van 13
Antwoorden op de kaart
Antwoorden kleurgecodeerd door een groen-rode schaal op de quizkaart volgens % correct hieronder.
 
Antwoordstatistieken
Antwoord % Correct
Corsica
83%
Normandië
82%
Bretagne
73%
Provence-Alpes-Côte d'Azur
70%
Île-de-France
59%
Auvergne-Rhône-Alpes
58%
Grand Est
53%
Centre-Val de Loire
52%
Hauts-de-France
52%
Bourgogne-Franche-Comté
42%
Nouvelle-Aquitaine
41%
Occitanie
40%
Pays de la Loire
37%
Geen overeenkomende quizzen gevonden
Scoreverdeling
Procent van Mensen met Elke Score
Percentiel versus Aantal Correcte Antwoorden
Uw Scoregeschiedenis
U heeft deze quiz nog niet genomen